|
|
|
|
| LEADER |
01115pam a22002658a 4500 |
| 001 |
00040072 |
| 005 |
20200610160610.0 |
| 008 |
171004s2017 ||||||viesd |
| 020 |
# |
# |
|a 9786045433911
|c 85000
|
| 041 |
0 |
# |
|a vie
|
| 082 |
1 |
4 |
|a 371.3
|b D112V
|
| 245 |
0 |
0 |
|a Dạy và học tích cực: Một số phương pháp và kĩ thuật dạy học
|c Nguyễn Lăng Bình (ch.b.), Đỗ Hương Trà, Nguyễn Phương Hồng, Cao Thị Thặng
|
| 260 |
# |
# |
|a Hà Nội
|b Đại học sư phạm
|c 2017
|
| 300 |
# |
# |
|a 296 tr.
|b minh họa
|c 27cm.
|
| 504 |
# |
# |
|a Phụ lục: tr. 221-295. - Thư mục: tr. 296
|
| 653 |
# |
# |
|a Học tập
|
| 653 |
# |
# |
|a Phương pháp giảng dạy
|
| 700 |
1 |
# |
|a Cao, Thị Thặng
|
| 700 |
1 |
# |
|a Nguyễn, Lăng Bình
|e Chủ biên
|
| 700 |
1 |
# |
|a Nguyễn, Phương Hồng
|
| 700 |
1 |
# |
|a Đỗ, Hương Trà
|
| 852 |
# |
# |
|b Kho đọc
|j KD.0022419
|
| 852 |
# |
# |
|j KD.0022419
|j KM.0023167
|j KM.0023168
|j KM.0023169
|j KM.0023170
|
| 910 |
# |
# |
|d 04/10/2017
|
| 980 |
# |
# |
|a Trung tâm Học liệu Lê Vũ Hùng, Trường Đại học Đồng Tháp
|